000 00423nam a2200169Ia 4500
001 25003
003 IN-NITTTR
005 20251114233318.0
008 251113s9999||||xx |||||||||||||| ||eng||
040 _beng
040 _cIN-NITTTR
041 _aeng
082 _a004.16 U1F
100 _aUffenbeck, John
245 4 _aThe 8086/8088 family :
_b Design, programming,and interfacing /
_cUffenbeck, John
942 _2ddc
_cBK
999 _c27632
_d27632